| 000 | 00816cam a2200289 4500 | ||
|---|---|---|---|
| 001 | 114601 | ||
| 005 | 20230410115640.0 | ||
| 008 | 720515s1973 njua b 001 0 eng | ||
| 035 | _9(DLC) 72003912 | ||
| 035 | _a4550810 | ||
| 010 | _a 72003912 | ||
| 020 | _a0134739183 | ||
| 040 |
_aDLC _cDLC _dDLC |
||
| 050 | 1 | 4 |
_aHF1411 _b.H477i1973 |
| 082 | 0 | 0 | _a382 |
| 100 | 1 |
_aHeller, H. Robert _q(Heinz Robert), _d1940- |
|
| 245 | 1 | 0 |
_aInternational trade; theory and empirical evidence _c[by] H. Robert Heller. |
| 250 | _a2d ed. | ||
| 260 |
_aEnglewood Cliffs, N.J., _bPrentice-Hall _c[1973] |
||
| 300 |
_axiv, 236 p. _billus. _c24 cm. |
||
| 350 | _a$10.95 | ||
| 504 | _aIncludes bibliographies. | ||
| 650 | 0 | _aInternational trade. | |
| 650 | 4 | _aCVR | |
| 650 | 4 | _aColección Villarreal | |
| 942 |
_2lcc _cbk |
||
| 999 |
_c45321 _d45321 |
||